00159nam a22000617a 4500082001600000245004400016526003700060 a954.03bSET aRulers of India The Marquess Cornwallis a0b0c0d954_030000000000000_SET